00759nam a22001937a 4500999001700000003000900017008004100026040007100067082002100138100002500159245016200184260002800346300002300374650001800397650002700415942001500442945000800457952010000465 c14897d14897AR-CdUCM190425b ||||| |||| 00| 0 spa d aMUNICIPALIDAD PROVINCIAL DEL CUSCOcBIBLIOTECA MUNICIPAL DEL CUSCO aC / 340.4 /bR49 aRhoddo Salas, Walker aLa prueba impertinente, omisiones y defectos del código de procedimientos civiles, que son causas determinantes de la enorme dilación del proceso civil / aCuzco :bUNSAAC,c1955. a60 hojas ;c29 cm. aDerecho.9739 aCódigo civil.928051 2ddccTESIS awfj 002ddc4070aSCAbSCAcCARTd2019-04-25g30.00oC / 340.4 / R49pSCA0003344r2019-04-25yTESIS